Historia de las variaciones de las iglesias protestantes, y exposición de la doctrina de la iglesia catholica, sobre los puntos de controversia (Record no. 8645)
[ view plain ]
| 000 -CABECERA | |
|---|---|
| campo de control de longitud fija | 02914nam a2200277 a 4500 |
| 001 - NÚMERO DE CONTROL | |
| campo de control | BRCA_8994 |
| 005 - FECHA Y HORA DE LA ÚLTIMA TRANSACCIÓN | |
| campo de control | 20190320210503.0 |
| 008 - DATOS DE LONGITUD FIJA--INFORMACIÓN GENERAL | |
| campo de control de longitud fija | 130717s1755----sp-#######---#000-0#spa-# |
| 041 ## - CÓDIGO DE LENGUA | |
| Código de lengua del texto/banda sonora o título independiente | spa |
| 044 ## - CÓDIGO DEL PAÍS DE LA ENTIDAD EDITORA/PRODUCTORA | |
| Código MARC del país | sp |
| 084 ## - OTRO NÚMERO DE CLASIFICACIÓN | |
| Número de clasificación | LM18 |
| Número de documento/Ítem | .B67 1755 |
| 100 1# - ENTRADA PRINCIPAL--NOMBRE DE PERSONA | |
| Nombre de persona | Bossuet, Jacques-Bénigne |
| Fechas asociadas al nombre | 1627 - 1704 |
| 9 (RLIN) | 22321 |
| 245 10 - MENCIÓN DE TÍTULO | |
| Título | Historia de las variaciones de las iglesias protestantes, y exposición de la doctrina de la iglesia catholica, sobre los puntos de controversia |
| Resto del título | obras curiosissimas, enriquecidas de singular Erudicion, Escolastica, Theologica, y Dogmatica, en que se refiere las Variaciones, de Doctrinas, las temerarias empresas de Luthero, los moustrosos excessos de Enrique VIII. Rey de Inglaterra, la hypocresia, y falsedad de Cranmer, Arzobispo de Cantorberi; como también de otro Hereges, pretendidos Reformadores, y no menos sacrilegos Enemigos de la Santa Iglesia Catholica, cuya única verdadera Religión con la mayor resulgencia triunfa gloriosamente de todas las Heregias |
| Mención de responsabilidad, etc. | por el Iilmo. Dr. Jacobo Benigno Bossuet, Obispo Meldense; y traducidas de el Francés por D. Miguel Joseph Fernández, Secreario de Excelentissimo Señor Marques de Ariza, etc. |
| 260 ## - PUBLICACIÓN, DISTRIBUCIÓN, ETC. | |
| Lugar de publicación, distribución, etc. | Madrid |
| Nombre del editor, distribuidor, etc. | En la Imprenta de los Herederos de D. Agvstin de Gordejvela |
| Fecha de publicación, distribución, etc. | 1755 |
| 300 ## - DESCRIPCIÓN FÍSICA | |
| Extensión | 358 p. (t.3) |
| Dimensiones | 20.3 x 15.5 cm |
| 500 ## - NOTA GENERAL | |
| Nota general | Con privilegio |
| 500 ## - NOTA GENERAL | |
| Nota general | Estado físico: presenta encuadernación en pergamino con cintas |
| 500 ## - NOTA GENERAL | |
| Nota general | Con marca de fuego: “Procedencia de la marca: Colegio de la Señora Santa Ana o de san Ángel de Coyoacán(1). Institución: Orden de Carmelitas Descalzos. Provincia de San Alberto de México. Descripción: Variación sobre las armas de la Orden del Monte Carmelo. Un mantel sumado de una cruz, cargado de una estrella y flanqueada la cruz de las letras capitales C y O. Al timbre, corona real abierta. Observaciones: Las iniciales podrían hacer referencia a Coyoacán; de hecho, Rafael Sala y Carlos Krausse la atribuyen al Convento de Santa Ana de Coyoacán, actualmente El Carmen de San Ángel, Ciudad de México. ------ Esta marca es semejante a la BEFK-3025 pero varían las dimensiones. --------- La marca conserva cuatro elementos del escudo carmelita: la cruz, el monte/mantel, la estrella en punta y la corona de tres florones (con dos menores intercalados), simplificación de la de 12 estrellas (sentido místico del Apocalipsis) (2). Ubicación de la marca en el libro: Canto superior” |
| 650 14 - PUNTO DE ACCESO ADICIONAL DE MATERIA--TÉRMINO DE MATERIA | |
| Término de materia o nombre geográfico como elemento de entrada | Iglesia protestante |
| Subdivisión general | Historia |
| Subdivisión cronológica | Obras anteriores a 1800 |
| 9 (RLIN) | 22322 |
| 650 14 - PUNTO DE ACCESO ADICIONAL DE MATERIA--TÉRMINO DE MATERIA | |
| Término de materia o nombre geográfico como elemento de entrada | Iglesia católica |
| Subdivisión general | Doctrina |
| Subdivisión cronológica | Obras anteriores a 1800 |
| 9 (RLIN) | 22323 |
| 650 14 - PUNTO DE ACCESO ADICIONAL DE MATERIA--TÉRMINO DE MATERIA | |
| Término de materia o nombre geográfico como elemento de entrada | Protestantismo |
| Subdivisión cronológica | Obras anteriores a 1800 |
| 9 (RLIN) | 22324 |
| 700 1# - PUNTO DE ACCESO ADICIONAL--NOMBRE DE PERSONA | |
| Nombre de persona | Fernández, Miguel Joseph |
| Término indicativo de función/relación | tr. |
| 9 (RLIN) | 22325 |
| 856 ## - LOCALIZACIÓN Y ACCESO ELECTRÓNICOS | |
| Nombre del host | http://www.marcasdefuego.buap.mx:8180/xmLibris/projects/firebrand/item.jsp?repository=marcas_de_fuego&key=marcas_de_fuego_carmelitas_20150604113816_cd6c.xml&num=34 |
| 902 ## - CATALOGADOR | |
| Iniciales | CFM |
| 942 ## - ELEMENTOS DE PUNTO DE ACCESO ADICIONAL (KOHA) | |
| Fuente del sistema de clasificación o colocación | Library of Congress Classification |
| Tipo de ítem Koha | Libros |
| Estado de retiro | Estado de pérdida | Fuente del sistema de clasificación o colocación | Estado dañado | No para préstamo | Código de colección | Localización permanente | Ubicación/localización actual | Fecha de adquisición | Total de préstamos | Signatura topográfica completa | Código de barras | Fecha visto por última vez | Precio válido a partir de | Tipo de ítem Koha |
|---|---|---|---|---|---|---|---|---|---|---|---|---|---|---|
| El ejemplar forma parte de la colección y puede ser consultado según las políticas vigentes. | Library of Congress Classification | Conventual Franz Mayer | Biblioteca del Museo Franz Mayer (Rogerio Casas-Alatriste) | Biblioteca del Museo Franz Mayer (Rogerio Casas-Alatriste) | 13/07/2017 | LM18 .B67 1755 | CFM00277 | 22/03/2019 | 22/03/2019 | Libros |